| 000 | 00505nam a2200193Ia 4500 | ||
|---|---|---|---|
| 005 | 20260429112034.0 | ||
| 008 | 260429s9999||||xx |||||||||||||| ||und|| | ||
| 020 | _a9781804893319 | ||
| 041 | _aEnglish | ||
| 082 |
_a551.22 _bQUI |
||
| 100 | _aQuinn, Hazel | ||
| 245 | 0 |
_aEarthquake / _cHazel Quinn |
|
| 260 |
_aUnited Kingdom : _bBrilliant Publication Ltd. , _c2025. |
||
| 300 | _ax, 278 p.; hb | ||
| 650 | _a Disaster management | ||
| 650 | _a Seismology | ||
| 650 | _aEarthquakes | ||
| 942 | _cTB | ||
| 999 |
_c52029 _d52029 |
||